Manual (Record no. 378287)

MARC details
000 -LEADER
fixed length control field 00442nam a2200181Ia 4500
008 - FIXED-LENGTH DATA ELEMENTS--GENERAL INFORMATION
fixed length control field 191130s2008##################000#0#eng##
020 ## - INTERNATIONAL STANDARD BOOK NUMBER
ISBN 9780571230662
082 ## - DEWEY DECIMAL CLASSIFICATION NUMBER
Classification number 823.92 KIN
100 ## - MAIN ENTRY--AUTHOR NAME
Personal name King, Daren
245 ## - TITLE STATEMENT
Title Manual
Statement of responsibility, etc Daren King
260 ## - PUBLICATION, DISTRIBUTION, ETC. (IMPRINT)
Place of publication London
Name of publisher Faber and Faber
Year of publication 2008
300 ## - PHYSICAL DESCRIPTION
Number of Pages 240 p
650 ## - SUBJECT ADDED ENTRY--TOPICAL TERM
Topical Term Fiction
991 ## -
-- 403061

No items available.

Find us on the map